Catálogo
 En Linea

Compilación de las decisiones de aforos arancelarios y la ley 854. / (Registro nro. 37474)

Detalles MARC
000 -CABECERA
campo de control de longitud fija 00664nam a2200145 a 4500
001 - NÚMERO DE CONTROL
campo de control 000037984
005 - FECHA Y HORA DE LA ÚLTIMA TRANSACCIÓN
campo de control 20201002031139.0
008 - DATOS DE LONGITUD FIJA--INFORMACIÓN GENERAL
campo de control de longitud fija 130311s19uu dr 000 0 spa d
040 ## - FUENTE DE LA CATALOGACIÓN
Centro catalogador/agencia de origen DO-SdBNP
Lengua de catalogación spa
Centro/agencia transcriptor BNPHU
082 ## - NÚMERO DE LA CLASIFICACIÓN DECIMAL DEWEY
Número de clasificación xxxx
Número de documento/Ítem xxxx
110 1# - ENTRADA PRINCIPAL--NOMBRE DE ENTIDAD CORPORATIVA
Nombre de entidad corporativa o nombre de jurisdicción como elemento de entrada República Dominicana
Unidad subordinada Secretaría de Estado de Tesoro y Credito Público
-- Dirección General de Aduanas
9 (RLIN) 64394
245 10 - MENCIÓN DE TÍTULO
Título Compilación de las decisiones de aforos arancelarios y la ley 854. /
Mención de responsabilidad, etc. Secretaría de Estado de Tesoro y Credito Público.
260 ## - PUBLICACIÓN, DISTRIBUCIÓN, ETC.
Lugar de publicación, distribución, etc. Ciudad Trujillo, República Dominicana. :
Nombre del editor, distribuidor, etc. Secretaría de Estado de Tesoro y Credito Público
Fabricante Imprenta Arte y Cine
Fecha de publicación, distribución, etc. [19uu].
300 ## - DESCRIPCIÓN FÍSICA
Extensión 251 p. ;
Dimensiones 23 cm.
Existencias
Estado de retiro Estado de pérdida No para préstamo Código de colección Localización permanente Ubicación/localización actual Ubicación en estantería Fecha de adquisición Número de inventario Total de préstamos Signatura topográfica completa Código de barras Fecha visto por última vez Precio válido a partir de Tipo de ítem Koha
    Excluido de préstamo Patrimonio Dominicano Patrimonio Dominicano Patrimonio Dominicano En catalogación 11.03.2013 LF1   xxxx xxxx 37984-10 25.06.2020 25.06.2020 Libro y Folleto Colección Patrimonio Dominicano

Con tecnología Koha